Gender, crime and judicial discretion 1780 - 1830

Gespeichert in:  
Bibliographische Detailangaben
1. VerfasserIn: Palk, Deirdre (Verfasst von)
Medienart: Druck Buch
Sprache:Englisch
Veröffentlicht: Woodbridge Royal Historical Society/Boydell Press 2006
In:Jahr: 2006
Ausgabe:1. publ.
Bestand in Tübingen:In Tübingen vorhanden.
UB: KB 20 A 2645
Verfügbarkeit prüfen: HBZ Gateway
Subito Bestelldienst: Jetzt bestellen.
Schlagwörter:

MARC

LEADER 00000cam a2200000 c 4500
001 1628550635
003 DE-627
005 20251225203640.0
007 tu
008 060818s2006 xxk||||| 00| ||eng c
016 7 |a b644641  |2 UK 
020 |a 086193282X  |9 0-86193-282-X 
020 |a 9780861932825  |9 978-0-86193-282-5 
035 |a (DE-627)1628550635 
035 |a (DE-576)256306451 
035 |a (DE-599)BSZ256306451 
035 |a (OCoLC)255373263 
035 |a (OCoLC)255373263 
040 |a DE-627  |b ger  |c DE-627  |e rakwb 
041 |a eng 
044 |c XA-GB 
082 0 |a 364.9421082 
084 |a 7,25  |2 ssgn 
084 |a NT 6600  |2 rvk  |0 (DE-625)rvk/131086: 
084 |a 15.64  |2 bkl 
100 1 |a Palk, Deirdre  |e VerfasserIn  |4 aut 
245 1 0 |a Gender, crime and judicial discretion 1780 - 1830  |c Deirdre Palk 
250 |a 1. publ. 
264 1 |a Woodbridge  |b Royal Historical Society/Boydell Press  |c 2006 
300 |a 202 S.  |c 25cm 
336 |a Text  |b txt  |2 rdacontent 
337 |a ohne Hilfsmittel zu benutzen  |b n  |2 rdamedia 
338 |a Band  |b nc  |2 rdacarrier 
490 0 |a Royal Historical Society studies in history  |a New series 
500 |a Literaturverz. S. 183 - 196 
583 1 |a Archivierung prüfen  |c 20200919  |f DE-640  |z 2  |2 pdager 
583 1 |a Archivierung prüfen  |c 20240324  |f DE-4165  |z 1  |2 pdager 
650 4 |a Judicial discretion  |x England  |x London  |x History  |x 18th century 
650 4 |a Judicial discretion  |x England  |x London  |x History  |x 19th century 
650 4 |a Sex discrimination in criminal justice administration  |x England  |x London  |x History  |x 18th century 
650 4 |a Sex discrimination in criminal justice administration  |x England  |x London  |x History  |x 19th century 
689 0 0 |d g  |0 (DE-588)4074335-4  |0 (DE-627)106089994  |0 (DE-576)209193417  |a London  |2 gnd 
689 0 1 |d s  |0 (DE-588)4183472-0  |0 (DE-627)105302465  |0 (DE-576)210018860  |a Strafjustiz  |2 gnd 
689 0 2 |d s  |0 (DE-588)4020547-2  |0 (DE-627)106317652  |0 (DE-576)208933816  |a Geschlecht  |2 gnd 
689 0 3 |a z  |2 gnd  |a Geschichte 1780-1830 
689 0 |5 (DE-627) 
889 |w (DE-627)511685688 
935 |i mdedup 
936 r v |a NT 6600  |b Großbritannien (England, Schottland, Irland)  |k Geschichte  |k Allgemeine Rechts-, Verfassungs- und Verwaltungsgeschichte  |k Darstellungen zur Rechts-, Verfassungs- und Verwaltungsgeschichte  |k Einzelne Staaten und Völker  |k Europa  |k Großbritannien (England, Schottland, Irland)  |0 (DE-627)1271538687  |0 (DE-625)rvk/131086:  |0 (DE-576)201538687 
936 b k |a 15.64  |j Großbritannien  |j Irland  |x Geschichte  |0 (DE-627)181570386 
951 |a BO 
ELC |b 1 
LOK |0 000 xxxxxcx a22 zn 4500 
LOK |0 001 3274471666 
LOK |0 003 DE-627 
LOK |0 004 1628550635 
LOK |0 005 20071010144447 
LOK |0 008 070807||||||||||||||||ger||||||| 
LOK |0 040   |a DE-21  |c DE-627  |d DE-21 
LOK |0 852   |a DE-21 
LOK |0 852 1  |c KB 20 A 2645  |9 00 
LOK |0 935   |a krim 
LOK |0 936ln  |a k2.3 
LOK |0 938   |l 06/09/07  |8 6 
LOK |0 939   |a 07-08-07  |b l01 
ORI |a SA-MARC-krimdoka001.raw 
SIG |a UB: KB 20 A 2645 
TIM |a 100017800101_100018301231  |b Geschichte 1780-1830